000
00305nam a2200133Ia 4500
100
_a
Little/Richard L
942
_c
BK
654
_a
Welding Technology
245
_a
Welding & Welding Technology
260
_b
Tata Mc Graw hill
_a
New Delhi
_c
1985
082
_a
671.5
300
_a
435
546
_a
ENGLISH
999
_c
30789
_d
30789